Gilbert and Sullivan - Statistics

General Stats
  • This quiz has been taken 297 times
  • The average score is 8 of 14
Answer Stats
Hint Answer % Correct
1879 The Pirates of Penzance
96%
1885 The Mikado
86%
1878 H.M.S. Pinafore
83%
1882 Iolanthe
65%
1889 The Gondoliers
60%
1875 Trial by Jury
56%
1887 Ruddigore
53%
1881 Patience
50%
1888 The Yeomen of the Guard
48%
1884 Princess Ida
46%
1877 The Sorcerer
44%
1896 The Grand Duke
35%
1871 Thespis
32%
1893 Utopia, Limited
32%
No matching quizzes found
Score Distribution
Percent of People with Each Score
Percentile by Number Answered
Your Score History
You have not taken this quiz